Kunstwerke Künstlern zuordnen #1 - Statistiken

Allgemein
  • Dieses Quiz wurde 604 mal gespielt
  • Das Durchschnittsergebnis liegt bei 3 aus 16
Antwortstatistiken
Bildquiz Hint Antwort % Korrekt
Mona Lisa (1503-1506) Leonardo da Vinci
99%
Sternennacht (1889) Vincent Van Gogh
75%
Das Mädchen mit dem Perlenohrgehänge (1665) Jan Vermeer
50%
Der Denker (1880) Auguste Rodin
26%
Die große Welle vor Kanagawa (1830-1832) Katsushika Hokusai
15%
Die bekleidete Maja (1800-1805) Francisco de Goya
13%
Las Meninas (1656) Diego Velázquez
11%
Ein Sonntagnachmittag auf der Insel La Grande Jatte (1884-1886) Georges Seurat
10%
Der Sommer (1563) Giuseppe Arcimboldo
9%
Die Toteninsel (1880) Arnold Böcklin
8%
Pfeifer (1866) Édouard Manet
6%
Die Ährenleserinnen (1857) Jean-François Millet
4%
Knabe in Blau (1769/70) Thomas Gainsborough
4%
Wind- und Donnergott (17. Jahrhundert) Tawaraya Sōtatsu
1%
Büste der Nofretete (1353-1336 v.Chr.) Thutmosis
1%
Ōtani Oniji III. als Yakko Edobei (1794) Tōshūsai Sharaku
0%
Keine übereinstimmenden Quizze gefunden
Verteilung der Resultate
Anzahl Personen mit jedem Resultat
Perzentil nach korrekt beantworteten Fragen
Ihre Resultats-Entwicklung
Sie haben dieses Quiz noch nicht gespielt